Statistics for Herbs and Spices Quiz

Click here to take the quiz!

General Stats

  • This quiz has been taken 43 times
  • The average score is 7 of 10

Answer Stats

Answer% Correct
Cinnamon
98%
Basil
95%
Mint
93%
Vanilla
88%
Ginger
85%
Paprika
65%
Cilantro
63%
Star Anise
63%
Black Peppercorn
60%
Tumeric
38%

Score Distribution

Percentile by Number Answered

Percent of People with Each Score

Your Score History

You have not taken this quiz